000 00586nam a2200229 a 4500
001 nice12345678
003 IN_TiNIC
005 20260116014636.0
008 070906s2005 dela grp 000 0 eng
020 _a
_c450
082 0 0 _a954.092
_bKAZ
100 _aKazim, Lubna
245 _aWoman of Substance
_b The Memoirs of Begum Khurshid Mirza(1918-1989)
260 _aDelhi
_bZubaan, Kali
_c2005
300 _a245p
500 _aincludes index and biblioraphy
650 _aBiography-Indians
700 1 _aKazim, Lubna
902 _bSRS
942 _cBK
999 _c16341
_d16341